<?xml version="1.0" encoding="UTF-8"?>
<record
    xmlns:xsi="http://www.w3.org/2001/XMLSchema-instance"
    xsi:schemaLocation="http://www.loc.gov/MARC21/slim http://www.loc.gov/standards/marcxml/schema/MARC21slim.xsd"
    xmlns="http://www.loc.gov/MARC21/slim">

  <leader>00929nam a2200193Ia 4500</leader>
  <datafield tag="999" ind1=" " ind2=" ">
    <subfield code="c">38965</subfield>
    <subfield code="d">38965</subfield>
  </datafield>
  <controlfield tag="001">5417</controlfield>
  <controlfield tag="003">GE_BSU</controlfield>
  <controlfield tag="005">20190627190057.0</controlfield>
  <controlfield tag="008">181216s1980||||ge |||||||||||||| ||geo||</controlfield>
  <datafield tag="080" ind1=" " ind2=" ">
    <subfield code="a">007(075.8)+519.72(072.8) &#x10D1;-33</subfield>
  </datafield>
  <datafield tag="100" ind1=" " ind2=" ">
    <subfield code="a">&#x10D1;&#x10D0;&#x10E6;&#x10D0;&#x10D7;&#x10E3;&#x10E0;&#x10D8;&#x10D0;, &#x10D2;.</subfield>
    <subfield code="9">2730</subfield>
  </datafield>
  <datafield tag="245" ind1=" " ind2=" ">
    <subfield code="a">&#x10D8;&#x10DC;&#x10E4;&#x10DD;&#x10E0;&#x10DB;&#x10D0;&#x10EA;&#x10D8;&#x10D8;&#x10E1; &#x10D2;&#x10D0;&#x10DB;&#x10DD;&#x10E7;&#x10D4;&#x10DC;&#x10D4;&#x10D1;&#x10D8;&#x10D7;&#x10D8; &#x10D7;&#x10D4;&#x10DD;&#x10E0;&#x10D8;&#x10D8;&#x10E1; &#x10E1;&#x10D0;&#x10E4;&#x10E3;&#x10EB;&#x10D5;&#x10DA;&#x10D4;&#x10D1;&#x10D8; : &#x10D3;&#x10D0;&#x10DB;&#x10EE;&#x10DB;. &#x10E1;&#x10D0;&#x10EE;&#x10D4;&#x10DA;&#x10DB;&#x10EB;&#x10E6;.   /</subfield>
    <subfield code="c">&#x10D2;. &#x10D1;&#x10D0;&#x10E6;&#x10D0;&#x10D7;&#x10E3;&#x10E0;&#x10D8;&#x10D0; ;  &#x10E0;&#x10D4;&#x10D3; : &#x10DB;.&#x10EB;&#x10D8;&#x10EB;&#x10D8;&#x10D2;&#x10E3;&#x10E0;&#x10D8;.</subfield>
  </datafield>
  <datafield tag="264" ind1=" " ind2=" ">
    <subfield code="a">&#x10D7;&#x10D1;&#x10D8;&#x10DA;&#x10D8;&#x10E1;&#x10D8; : </subfield>
    <subfield code="b">&#x10E1;&#x10DE;&#x10D8;,</subfield>
    <subfield code="c">1980.</subfield>
  </datafield>
  <datafield tag="300" ind1=" " ind2=" ">
    <subfield code="a">75 &#x10D2;&#x10D5; .:</subfield>
    <subfield code="b">&#x10DC;&#x10D0;&#x10EE;&#x10D0;&#x10D6;.</subfield>
    <subfield code="c">20 &#x10E1;&#x10DB;.</subfield>
  </datafield>
  <datafield tag="504" ind1=" " ind2=" ">
    <subfield code="a">&#x10D1;&#x10D8;&#x10D1;&#x10DA;&#x10D8;&#x10DD;&#x10D2;&#x10E0;.: &#x10D2;&#x10D5;.73.</subfield>
  </datafield>
  <datafield tag="653" ind1=" " ind2=" ">
    <subfield code="a">&#x10D8;&#x10DC;&#x10E4;&#x10DD;&#x10E0;&#x10DB;&#x10D0;&#x10EA;&#x10D8;&#x10D8;&#x10E1; &#x10D2;&#x10D0;&#x10DB;&#x10DD;&#x10E7;&#x10D4;&#x10DC;&#x10D4;&#x10D1;&#x10D8;&#x10D7;&#x10D8; &#x10D7;&#x10D4;&#x10DD;&#x10E0;&#x10D8;&#x10D0;.</subfield>
  </datafield>
  <datafield tag="700" ind1=" " ind2=" ">
    <subfield code="a">&#x10EB;&#x10D8;&#x10EB;&#x10D8;&#x10D2;&#x10E3;&#x10E0;&#x10D8;, &#x10DB;</subfield>
    <subfield code="e">&#x10E0;&#x10D4;&#x10D3;&#x10D0;&#x10E5;&#x10E2;&#x10DD;&#x10E0;&#x10D8;</subfield>
    <subfield code="9">472</subfield>
  </datafield>
  <datafield tag="942" ind1=" " ind2=" ">
    <subfield code="c">BK</subfield>
    <subfield code="2">udc</subfield>
  </datafield>
  <datafield tag="952" ind1=" " ind2=" ">
    <subfield code="0">0</subfield>
    <subfield code="1">0</subfield>
    <subfield code="2">udc</subfield>
    <subfield code="4">0</subfield>
    <subfield code="6">0070758519720728_&#x10D1;33</subfield>
    <subfield code="7">0</subfield>
    <subfield code="9">41465</subfield>
    <subfield code="a">SPL</subfield>
    <subfield code="b">SPL</subfield>
    <subfield code="c">GEN</subfield>
    <subfield code="d">2018-12-17</subfield>
    <subfield code="g">0.00</subfield>
    <subfield code="o">007(075.8)+519.72(072.8) &#x10D1;-33</subfield>
    <subfield code="p">10963</subfield>
    <subfield code="r">2018-12-17</subfield>
    <subfield code="t">10963</subfield>
    <subfield code="w">2018-12-17</subfield>
    <subfield code="y">BK</subfield>
    <subfield code="z">0,80 &#x10D7;.</subfield>
  </datafield>
  <datafield tag="952" ind1=" " ind2=" ">
    <subfield code="0">0</subfield>
    <subfield code="1">0</subfield>
    <subfield code="2">udc</subfield>
    <subfield code="4">0</subfield>
    <subfield code="6">0070758519720728_&#x10D1;33</subfield>
    <subfield code="7">0</subfield>
    <subfield code="9">41466</subfield>
    <subfield code="a">SPL</subfield>
    <subfield code="b">SPL</subfield>
    <subfield code="c">GEN</subfield>
    <subfield code="d">2018-12-17</subfield>
    <subfield code="g">0.00</subfield>
    <subfield code="o">007(075.8)+519.72(072.8) &#x10D1;-33</subfield>
    <subfield code="p">10964</subfield>
    <subfield code="r">2018-12-17</subfield>
    <subfield code="t">10964</subfield>
    <subfield code="w">2018-12-17</subfield>
    <subfield code="y">BK</subfield>
    <subfield code="z">0,80 &#x10D7;.</subfield>
  </datafield>
  <datafield tag="952" ind1=" " ind2=" ">
    <subfield code="0">0</subfield>
    <subfield code="1">0</subfield>
    <subfield code="2">udc</subfield>
    <subfield code="4">0</subfield>
    <subfield code="6">0070758519720728_&#x10D1;33</subfield>
    <subfield code="7">0</subfield>
    <subfield code="9">41467</subfield>
    <subfield code="a">SPL</subfield>
    <subfield code="b">SPL</subfield>
    <subfield code="c">GEN</subfield>
    <subfield code="d">2018-12-17</subfield>
    <subfield code="g">0.00</subfield>
    <subfield code="o">007(075.8)+519.72(072.8) &#x10D1;-33</subfield>
    <subfield code="p">10965</subfield>
    <subfield code="r">2018-12-17</subfield>
    <subfield code="t">10965</subfield>
    <subfield code="w">2018-12-17</subfield>
    <subfield code="y">BK</subfield>
    <subfield code="z">0,80 &#x10D7;.</subfield>
  </datafield>
  <datafield tag="952" ind1=" " ind2=" ">
    <subfield code="0">0</subfield>
    <subfield code="1">0</subfield>
    <subfield code="2">udc</subfield>
    <subfield code="4">0</subfield>
    <subfield code="6">0070758519720728_&#x10D1;33</subfield>
    <subfield code="7">0</subfield>
    <subfield code="9">41468</subfield>
    <subfield code="a">SPL</subfield>
    <subfield code="b">SPL</subfield>
    <subfield code="c">GEN</subfield>
    <subfield code="d">2018-12-17</subfield>
    <subfield code="g">0.00</subfield>
    <subfield code="o">007(075.8)+519.72(072.8) &#x10D1;-33</subfield>
    <subfield code="p">10966</subfield>
    <subfield code="r">2018-12-17</subfield>
    <subfield code="t">10966</subfield>
    <subfield code="w">2018-12-17</subfield>
    <subfield code="y">BK</subfield>
    <subfield code="z">0,80 &#x10D7;.</subfield>
  </datafield>
</record>
